LEADER 01039nam2-2200361---450 001 990001344660203316 005 20220429091551.0 035 $a000134466 035 $aUSA01000134466 035 $a(ALEPH)000134466USA01 035 $a000134466 100 $a20040114d1984----km-y0itay0103----ba 101 0 $ager 102 $aDE 105 $a||||||||001yy 200 1 $a10. : <> Kunst des 18. Jahrhunderts$fvon Harald Keller$gmit Beitragen von Jeannine Baticle ... [et al.] 210 $aBerlin$cPropylaen Verlag$d1984 215 $a478 p.$d24 cm 410 0$12001 454 1$12001 461 1$1001000134432$12001$aPropylaen Kunstgeschichte 606 0 $aArte$xStoria 606 0 $aArte$xStoria$zSec. 18. 676 $a709 700 1$aKELLER,$bHarald$036770 702 1$aBATICLE,$bJeannine 801 0$aIT$bsalbc$gISBD 912 $a990001344660203316 951 $aXI.3.B. 189/10(VII E 308/10)$b9147 L.M.$cVII E 959 $aBK 969 $aUMA 996 $aKunst des 18. Jahrhunderts$9927300 997 $aUNISA